[Event "Let's Play Chess!"]
[Site "http://www.queenalice.com/game.php?id=1839085"]
[Date "2024.6.26"]
[Round "-"]
[White "igor12345"]
[Black "ulisses34"]
[Result "1-0"]
[WhiteElo "2028"]
[BlackElo "1660"]

1. e4 Nc6 2. d4 d5 3. e5 e6 4. Nf3 Nge7 5. Bd3 Nb4 6. Be2 Nf5 7. a3 Na6 8. c4
dxc4 9. Bxc4 Be7 10. O-O Bd7 11. b4 b5 12. Bd3 O-O 13. Qe2 Rb8 14. Bxf5 exf5 15.
Nc3 Bc6 16. Rd1 Rb7 17. d5 Be8 18. Nd4 Qb8 19. Be3 c5 20. d6 cxd4 21. dxe7 Rxe7
22. Bxd4 Nc7 23. Bc5 1-0

[Event "Let's Play Chess!"]
[Site "http://www.queenalice.com/game.php?id=1839127"]
[Date "2024.6.26"]
[Round "-"]
[White "Charles56"]
[Black "ulisses34"]
[Result "1-0"]
[WhiteElo "1691"]
[BlackElo "1675"]

1. e4 Nc6 2. d4 e6 3. a3 d6 4. Nf3 d5 5. e5 Be7 6. Nc3 Bd7 7. Be3 Nb8 8. Qd2 c6
9. h3 Qb6 10. b3 c5 11. dxc5 Bxc5 12. Bxc5 Qxc5 13. a4 Nc6 14. Nb5 Nd8 15. b4
Qc8 16. Nd6+ 1-0

[Event "Let's Play Chess!"]
[Site "http://www.queenalice.com/game.php?id=1839592"]
[Date "2024.7.5"]
[Round "-"]
[White "ulisses34"]
[Black "Charles56"]
[Result "1-0"]
[WhiteElo "1658"]
[BlackElo "1685"]

1. e4 e5 2. Nf3 d6 3. Bc4 h6 4. d4 exd4 5. Qxd4 Nc6 6. Qd3 Nf6 7. h3 Be6 8. Bxe6
fxe6 9. Bd2 e5 10. Nc3 Nb4 11. Qb5+ Nc6 12. Nd5 a6 13. Nxf6+ gxf6 14. Qxb7 Kd7
15. Qb3 Rb8 16. Qa3 d5 17. Qd3 d4 18. Qxa6 Rxb2 19. Qd3 Qa8 20. a3 Bd6 21. O-O
Qg8 22. Bc1 Rb6 23. Nh4 Qg7 24. Nf5 Qg6 25. c3 Rb3 26. Bd2 Rg8 27. g3 h5 28. h4
Bxa3 29. Qc4 Rgb8 30. Qd5+ Bd6 31. cxd4 Nxd4 32. Nxd4 exd4 33. Qxd4 Kc8 34. Kh1
Be5 35. Qa4 Bxa1 36. Qa6+ R8b7 37. Qxa1 Qxe4+ 38. Kh2 Rb2 39. Be3 R7b3 40. Qa6+
Kd8 41. Rd1+ Ke8 42. Qc8+ Kf7 43. Rd7+ Kg6 44. Qg8+ Kf5 45. Rd5+ Qxd5 46. Qxd5+
Kg6 47. Qe4+ Kg7 48. Bd4 Rb1 49. Qe7+ Kg8 50. Qxf6 Rd1 51. Qg7# 1-0

[Event "Let's Play Chess!"]
[Site "http://www.queenalice.com/game.php?id=1855733"]
[Date "2025.4.20"]
[Round "-"]
[White "ulisses34"]
[Black "igor12345"]
[Result "0-1"]
[WhiteElo "1659"]
[BlackElo "1968"]

1. e4 c5 2. Nc3 d6 3. Bc4 Nf6 4. Qe2 Nc6 5. Nf3 Bg4 6. Qd3 Nb4 7. Bxf7+ Kxf7 8.
Qc4+ Be6 9. Nd5 Nbxd5 10. Ng5+ Kg8 11. Nxe6 Qd7 12. exd5 b5 13. Qd3 Qb7 14. Nf4
g6 15. b3 Bg7 16. Bb2 Kf7 17. Qf3 Rhe8 18. O-O Kg8 19. Qe3 Qd7 20. c4 bxc4 21.
bxc4 Rab8 22. Bc3 Ng4 23. Qg3 Ne5 24. Ne6 Bf6 25. Bxe5 Bxe5 26. Qh3 Rf8 27. Rae1
Rf7 28. Re3 Qc8 29. Rf3 Rxf3 30. Qxf3 Qe8 31. Re1 Bf6 32. Qg4 Rb2 33. Nf4 Kh8
34. Nd3 Rxd2 35. Nc1 Qf8 36. Qe4 Bd4 37. Kh1 Rxf2 0-1

[Event "Let's Play Chess!"]
[Site "http://www.queenalice.com/game.php?id=1859527"]
[Date "2025.7.8"]
[Round "-"]
[White "ulisses34"]
[Black "igor12345"]
[Result "0-1"]
[WhiteElo "1655"]
[BlackElo "1988"]

1. e4 c5 2. d3 Nc6 3. c3 e6 4. Be2 Nf6 5. Nh3 d6 6. Qb3 a6 7. Nd2 Be7 8. Nc4 b5
9. Ne3 h6 10. a4 b4 11. a5 Nxa5 12. Qa4+ Bd7 13. Qxa5 O-O 14. cxb4 cxb4 15. b3
Qc8 16. O-O Qc3 17. Qa2 a5 18. Bd2 Qc6 19. Nc4 e5 20. Nxa5 Qb5 21. Qa4 Qxa4 22.
bxa4 Rxa5 23. Bd1 d5 24. exd5 Nxd5 25. Bb3 Nc3 26. Rfe1 Kh8 27. f3 f6 28. Nf2
Rfa8 29. Bxc3 bxc3 30. Ne4 Rc8 31. Rec1 Bb4 32. Bc2 f5 33. Nf2 Bc5 34. Kf1 Bd4
35. Nd1 Rca8 36. Bb3 c2 37. Bxc2 Bxa1 0-1

[Event "zubarev - 2"]
[Site "http://www.queenalice.com/game.php?id=1859540"]
[Date "2025.7.8"]
[Round "-"]
[White "ulisses34"]
[Black "zubarev"]
[Result "0-1"]
[WhiteElo "1652"]
[BlackElo "1835"]

1. e4 e5 2. Bc4 Be7 3. Qf3 Nf6 4. Nh3 Nc6 5. c3 O-O 6. d3 d6 7. Nd2 Be6 8. Bxe6
fxe6 9. Qg3 d5 10. Ng5 Qd7 11. exd5 Nxd5 12. Nde4 Nf6 13. Be3 Qxd3 14. Nxf6+
Rxf6 15. Qg4 Qf5 16. Qxf5 exf5 17. b4 a6 18. O-O f4 19. Bc1 Rd6 20. Ne4 Rd7 21.
Ba3 Na7 22. Nc5 Bxc5 23. bxc5 Rd3 24. Bb2 Rd2 25. Rab1 Nc6 26. Rfd1 Rad8 27.
Rxd2 Rxd2 28. Ba1 Rxa2 29. g3 f3 30. Bb2 Kf7 31. Kf1 Na5 32. Bc1 Ke6 33. Ke1 Kd5
34. Be3 Kc4 0-1

[Event "Escacs 181"]
[Site "http://www.queenalice.com/game.php?id=1860973"]
[Date "2025.8.3"]
[Round "-"]
[White "ulisses34"]
[Black "alterego"]
[Result "1-0"]
[WhiteElo "1643"]
[BlackElo "1594"]

1. e4 g6 2. d4 Bg7 3. Nf3 a6 4. c3 b5 5. Qb3 e6 6. Ng5 Nf6 7. Bd3 O-O 8. e5 Ng4
9. Ne4 Bb7 10. Bg5 f6 11. exf6 Nxf6 12. c4 c6 13. cxb5 cxb5 14. Nbd2 Qa5 15. Nc5
Bd5 16. Qc3 Qxc3 17. bxc3 Bxg2 18. Rg1 Bh3 19. Ndb3 Nc6 20. Ne4 Nd5 21. Bd2 Nf4
22. Bxf4 Rxf4 23. Nbc5 d5 24. Ng3 Raf8 25. Nxe6 Rf3 26. Nxf8 Bxf8 27. Ke2 Bg4
28. Kd2 Rxf2+ 29. Ke1 Rf3 30. Nf1 Bh3 31. Ke2 Rf6 32. Rg3 Bc8 33. Ne3 Bd6 34.
Rg2 Bh3 35. Rf2 Re6 36. Kd2 b4 37. Nc2 bxc3+ 38. Kxc3 Be7 39. Re2 Rf6 40. Rb1
Bd8 41. Bxa6 Bf5 42. Rb7 Na5 43. Ra7 Nc6 44. Re8+ Rf8 45. Rxf8+ Kxf8 46. Rxh7
Ba5+ 47. Kb2 g5 48. Rh6 Ne7 49. Ne3 Ng8 50. Rd6 Bc7 51. Rxd5 Ne7 52. Rc5 Bxh2
53. Nxf5 g4 54. Nxe7 Kxe7 55. Rc2 Bg1 56. d5 Kd6 57. Bb7 g3 58. Kc1 Be3+ 59. Kd1
Bf2 60. Rxf2 gxf2 61. Ke2 f1=Q+ 62. Kxf1 1-0

[Event "Let's Play Chess!"]
[Site "http://www.queenalice.com/game.php?id=1862223"]
[Date "2025.8.31"]
[Round "-"]
[White "ulisses34"]
[Black "igor12345"]
[Result "1-0"]
[WhiteElo "1657"]
[BlackElo "2022"]

1. e4 c5 2. d3 Nc6 3. c3 Nf6 4. Be2 d6 5. Nf3 h6 6. Nbd2 e5 7. b3 Be7 8. Ba3 a6
9. Qc1 b5 10. b4 O-O 11. bxc5 dxc5 12. Nb3 b4 13. cxb4 cxb4 14. Bb2 Qd6 15. Qd1
a5 16. Nbd2 Be6 17. Qc2 Rfc8 18. Nc4 Qc7 19. Ncxe5 Nd7 20. Nxc6 1-0

[Event "Let's Play Chess!"]
[Site "http://www.queenalice.com/game.php?id=1863070"]
[Date "2025.9.16"]
[Round "-"]
[White "Mlintz"]
[Black "ulisses34"]
[Result "1-0"]
[WhiteElo "1923"]
[BlackElo "1687"]

1. e4 e5 2. Nf3 Nc6 3. Bb5 d6 4. d4 a6 5. Bxc6+ bxc6 6. dxe5 Be6 7. Nc3 Qe7 8.
O-O Rd8 9. exd6 Rxd6 10. Qe1 Bc4 11. b3 Bxf1 12. Qxf1 c5 13. a4 Qd7 14. Ne5 Qe6
15. f4 Be7 16. Nc4 Rb6 17. Nxb6 Qxb6 18. Kh1 Nf6 19. e5 Ng4 20. h3 Nh6 21. Nd5
Qc6 22. Qf3 Nf5 23. Nf6+ 1-0

[Event "Let's Play Chess!"]
[Site "http://www.queenalice.com/game.php?id=1863702"]
[Date "2025.10.5"]
[Round "-"]
[White "ulisses34"]
[Black "Charles56"]
[Result "0-1"]
[WhiteElo "1680"]
[BlackElo "1729"]

1. e4 e5 2. Nf3 d6 3. d4 exd4 4. Qxd4 a6 5. Bc4 h6 6. Nc3 Nc6 7. Qd2 Bg4 8. Nd4
Nxd4 9. Qxd4 Nf6 10. Nd5 Nxd5 11. Bxd5 c6 12. Bb3 Qd7 13. Bf4 O-O-O 14. Qa7 Re8
15. O-O Rxe4 16. Be3 Be6 17. Bb6 Qe7 18. Qa8+ Kd7 19. Qxb7+ Ke8 20. Qa8+ Kd7 21.
Ba4 Bd5 22. Qb7+ Ke6 23. Qxa6 Qg5 24. f3 Rf4 25. Rae1+ Kf6 26. Bd8+ Kg6 27. Bxg5
hxg5 28. Qd3+ Kh6 29. b3 g6 30. Re8 Bg7 31. Rxh8+ Bxh8 32. c4 Be6 33. Qxd6 c5
34. Qxc5 Bd4+ 35. Qxd4 Rxd4 36. c5 Rd2 37. Ra1 f5 38. a3 g4 39. b4 Rd3 40. Bb5
Rc3 41. Bc6 gxf3 42. gxf3 Bc4 43. Bb7 Bb5 44. a4 Bc4 45. b5 Be2 46. c6 Bxf3 47.
a5 Rb3 48. b6 Rb2 49. Ra3 Be4 50. a6 Rxb6 51. a7 Rxb7 52. a8=Q Rb1+ 53. Kf2 Rc1
54. Ra2 Rxc6 55. Qh8+ Kg5 56. h4+ Kg4 57. Kg1 Rc1+ 58. Kh2 Rh1# 0-1

[Event "Let's Play Chess!"]
[Site "http://www.queenalice.com/game.php?id=1865359"]
[Date "2025.11.9"]
[Round "-"]
[White "alow_proton"]
[Black "ulisses34"]
[Result "1-0"]
[WhiteElo "1851"]
[BlackElo "1666"]

1. e4 e5 2. f4 exf4 3. Nf3 d6 4. Bc4 Be7 5. O-O Bd7 6. d4 b5 7. Bb3 a5 8. a4 b4
9. Bxf4 Nc6 10. d5 Nb8 11. c4 bxc3 12. Nxc3 Nf6 13. e5 dxe5 14. Nxe5 Bc5+ 15.
Kh1 O-O 16. Bg5 Be7 17. Bxf6 Bxf6 18. Nxd7 Nxd7 19. Qc2 Qe7 20. Nb5 Rac8 21.
Rac1 Bg5 22. Rce1 Qd8 23. Rf5 Nb6 24. Ree5 Bf6 25. Re1 Qd7 26. Rd1 c6 27. dxc6
Qxc6 28. Qxc6 Rxc6 29. Rf2 Rd8 30. Rxd8+ Bxd8 31. Rc2 Rxc2 32. Bxc2 Bf6 33. b3
Nd5 34. Be4 Ne3 35. Kg1 Be7 36. Kf2 Bc5 37. Ke2 Ng4 38. h3 Nf6 39. Bc6 Nh5 40.
Kf3 f5 41. g3 g6 42. Nc3 Bd6 43. g4 fxg4+ 44. hxg4 Ng7 45. Ne4 Be7 46. Bd5+ Kf8
47. Nd2 Bb4 48. Nc4 Ke7 49. Kf4 h6 50. Ne5 g5+ 51. Ke4 Kf6 52. Nd7+ Kg6 53. Ne5+
Kf6 54. Nd7+ Kg6 55. Ne5+ Kh7 56. Nc6 Be1 57. Bf7 h5 58. gxh5 g4 59. Kf4 g3 60.
Bg6+ Kh6 61. Kf3 Nxh5 62. Bxh5 Kxh5 63. Nd4 Kh4 64. Kg2 Kg4 65. Nc2 Bd2 66. Nd4
Bc3 67. Ne2 Be1 68. Nc1 Bd2 69. Nd3 Bf4 70. b4 1-0

[Event "Let's Play 887"]
[Site "http://www.queenalice.com/game.php?id=1865363"]
[Date "2025.11.9"]
[Round "-"]
[White "digger"]
[Black "ulisses34"]
[Result "0-1"]
[WhiteElo "1754"]
[BlackElo "1657"]

1. e4 e5 2. d3 Bb4+ 3. c3 Ba5 4. b4 Bb6 5. Nf3 d6 6. Be2 c5 7. b5 Bg4 8. c4 a6
9. Qa4 Ba5+ 10. Bd2 axb5 11. Qxb5+ Qd7 12. Qxd7+ Nxd7 13. O-O Bc7 14. h3 Bh5 15.
Nc3 Ne7 16. a4 f6 17. Nb5 Bb8 18. g4 Bg6 19. Kg2 Nc6 20. h4 O-O 21. h5 Bf7 22.
g5 Bxh5 23. Bd1 f5 24. Nc3 f4 25. Nd5 Re8 26. Nh4 Bf7 27. Nc3 Nf8 28. Rg1 Ng6
29. Kh3 Nd4 30. Rb1 Ra7 31. Nxg6 Bxg6 32. f3 Bf7 33. Be1 Nc6 34. Nb5 Ra6 35. Nc3
b6 36. Na2 Bc7 37. a5 Nxa5 38. Ba4 Rea8 39. Nc3 Nb7 40. Bc6 R8a7 41. Bxb7 Rxb7
42. Nb5 Bb8 43. Bc3 Re7 44. Ra1 Rxa1 45. Rxa1 Rb7 46. Be1 h6 47. gxh6 gxh6 48.
Bh4 Kh7 49. Rg1 Be8 50. Nc3 Bd7+ 51. Kh2 Ra7 52. Nd5 Be6 53. Nxb6 Rg7 54. Bd8
Rxg1 55. Kxg1 h5 56. Na4 Kg7 57. Nc3 Kf7 58. Kg2 Ke8 59. Bh4 Kd7 60. Nd1 Bc7 61.
Nf2 Kc6 62. Kf1 Ba5 63. Ke2 Bc3 64. Nd1 Bd4 65. Bd8 Kd7 66. Bg5 Ba1 67. Bh4 Bd4
68. Bg5 Bg1 69. Kf1 Bh2 70. Bh4 Bg3 71. Bxg3 fxg3 72. Ne3 Ke7 73. Ng2 Bh3 74.
Kg1 Bxg2 75. Kxg2 h4 76. Kh3 Kf6 77. Kg2 Kg5 78. Kh3 Kf4 79. Kg2 Ke3 80. f4 exf4
81. e5 f3+ 82. Kh3 dxe5 83. Kxh4 g2 84. Kg3 g1=Q+ 85. Kh4 f2 86. d4 f1=Q 87.
dxe5 Qh2+ 88. Kg5 Qg3+ 89. Kh5 Qfh3# 0-1

[Event "Let's Play Chess!"]
[Site "http://www.queenalice.com/game.php?id=1868488"]
[Date "2026.1.27"]
[Round "-"]
[White "alow_proton"]
[Black "ulisses34"]
[Result "1-0"]
[WhiteElo "2127"]
[BlackElo "1677"]

1. e4 e5 2. f4 exf4 3. Nf3 Be7 4. Bc4 Bh4+ 5. Ke2 Qe7 6. d3 Qf6 7. Qd2 Bg5 8.
Re1 Bh6 9. Kf2 Ne7 10. Nc3 O-O 11. d4 Ng6 12. Qd3 Nh4 13. Nd5 Qd8 14. Nxf4 Nxf3
15. Qxf3 Qf6 16. e5 Qe7 17. c3 Nc6 18. Kg1 Na5 19. Bd3 b6 20. Qxa8 Bb7 21. Qxa7
Ra8 22. Nd5 Bxd5 23. Qxc7 Bxc1 24. Raxc1 Qg5 25. Rc2 Bc4 26. Bxc4 1-0

[Event "Escacs 224"]
[Site "http://www.queenalice.com/game.php?id=1870068"]
[Date "2026.3.7"]
[Round "-"]
[White "ulisses34"]
[Black "alterego"]
[Result "0-1"]
[WhiteElo "1675"]
[BlackElo "1621"]

1. e4 g6 2. d4 Bg7 3. Bc4 e6 4. Nf3 a6 5. a4 Ne7 6. Be3 Nbc6 7. Qd2 d5 8. exd5
exd5 9. Bb3 O-O 10. Na3 Nf5 11. O-O Nxe3 12. fxe3 Qd6 13. Rae1 Ne7 14. c4 c6 15.
c5 Qe6 16. e4 Qg4 17. Ne5 Qh5 18. exd5 Nxd5 19. Nac4 Bh6 20. Qd1 Qg5 21. Nd6 Bh3
22. Rf2 Ne3 23. Qe2 Qh4 24. Bxf7+ Kg7 25. Nf3 Qh5 26. gxh3 Qxh3 27. Ne5 Rad8 28.
Rf3 Qh4 29. Rxe3 Qxd4 30. Nec4 Qxc5 31. Ne4 Bxe3+ 32. Nxe3 Qe5 33. Ng4 Qd4+ 0-1

[Event "Let's Play Chess!"]
[Site "http://www.queenalice.com/game.php?id=1870778"]
[Date "2026.3.22"]
[Round "-"]
[White "alow_proton"]
[Black "ulisses34"]
[Result "1-0"]
[WhiteElo "2028"]
[BlackElo "1657"]

1. e4 e5 2. f4 exf4 3. Nf3 d6 4. d4 Bd7 5. Bxf4 Nf6 6. Nc3 Be7 7. Bc4 Nc6 8. O-O
Na5 9. Bd3 a6 10. d5 c6 11. Re1 Qb6+ 12. Kf1 Ng4 13. Qd2 Qa7 14. h3 Nf6 15. Be3
b6 16. Na4 c5 17. b3 Bxa4 18. bxa4 c4 19. e5 dxe5 20. Bf5 Bd6 21. Bd4 Nd7 22.
Bxd7+ Kxd7 23. Nxe5+ Bxe5 24. Rxe5 f6 25. Re6 Rae8 26. Bxb6 Qb8 27. Bxa5 Rxe6
28. dxe6+ Kxe6 29. Re1+ Kf7 30. Qd5+ Kg6 31. g4 Qf4+ 32. Kg1 Qg3+ 33. Qg2 Qc3
34. Bxc3 Re8 35. Rxe8 h5 36. gxh5+ Kf7 37. Rc8 f5 38. Qg6+ 1-0